LEADER 05395nam 2200649 450 001 9910460584603321 005 20200520144314.0 010 $a1-119-03939-8 010 $a1-118-91770-7 035 $a(CKB)3710000000386544 035 $a(EBL)1998773 035 $a(SSID)ssj0001458827 035 $a(PQKBManifestationID)12626995 035 $a(PQKBTitleCode)TC0001458827 035 $a(PQKBWorkID)11450692 035 $a(PQKB)10850628 035 $a(MiAaPQ)EBC1998773 035 $a(DLC) 2015010496 035 $a(PPN)227276515 035 $a(Au-PeEL)EBL1998773 035 $a(CaPaEBR)ebr11041408 035 $a(CaONFJC)MIL769867 035 $a(OCoLC)908071113 035 $a(EXLCZ)993710000000386544 100 $a20150416h20152015 uy 0 101 0 $aeng 135 $aur|n|---||||| 181 $ctxt 182 $cc 183 $acr 200 10$aGeotechnical engineering design /$fMing Xiao ; with contributions from Daniel Barreto 210 1$aChichester, England ;$aWest Sussex, England :$cWiley Blackwell,$d2015. 210 4$d©2015 215 $a1 online resource (425 p.) 300 $aDescription based upon print version of record. 311 $a0-470-63223-2 320 $aIncludes bibliographical references at the end of each chapters and index. 327 $aCover; Title Page; Copyright; Contents; Preface; About the Authors; About the Companion Website; Chapter 1 Introduction to Engineering Geology; 1.1 Introduction; 1.2 Structure of the Earth and geologic time; 1.3 Formation and classification of rocks; 1.3.1 Igneous rocks; 1.3.2 Sedimentary rocks; 1.3.3 Metamorphic rocks; 1.4 Engineering properties and behaviors of rocks; 1.4.1 Geotechnical properties of rocks; 1.4.2 Comparison of the three types of rocks; 1.5 Formation and classification of soils; 1.5.1 Soils formation; 1.5.2 Soil types; 1.5.3 Residual and transported soils 327 $a1.6 Maps used in engineering geology1.6.1 Topographic maps; 1.6.2 Geologic map; Homework Problems; References; Chapter 2 Geotechnical Subsurface Exploration; 2.1 Framework of subsoil exploration; 2.2 Field drilling and sampling; 2.2.1 Information required before drilling and sampling; 2.2.2 Drill rigs; 2.2.3 Drilling methods and augers; 2.2.4 Soil sampling methods; 2.3 Geotechnical boring log; 2.4 In situ field testing; 2.4.1 Standard penetration test (SPT); 2.4.2 Cone penetration test (CPT); 2.4.3 Vane shear test; 2.4.4 Flat plate dilatometer test; 2.4.5 Inclinometer test 327 $a2.4.6 Groundwater monitoring well2.5 Subsurface investigations using geophysical techniques; 2.5.1 Ground penetration radar (GPR); 2.5.2 Electromagnetics in frequency domain and in time domain; 2.5.3 Electrical resistivity imaging; 2.5.4 Microgravity; 2.5.5 Seismic refraction and seismic reflection; 2.6 Geotechnical investigation report; 2.6.1 Site reconnaissance and description; 2.6.2 Subsurface exploration (field exploration); 2.6.3 Laboratory testing; 2.6.4 Geotechnical engineering recommendations; 2.6.5 Appendix; Homework Problems; References; Chapter 3 Shallow Foundation Design 327 $a3.1 Introduction to foundation design3.2 Bearing capacity of shallow foundations; 3.2.1 Failure modes of shallow foundations; 3.2.2 Terzaghi's bearing capacity theory; 3.2.3 The general bearing capacity theory; 3.2.4 Effect of groundwater on ultimate bearing capacity; 3.2.5 Foundation design approach based on allowable bearing capacity and the global factor of safety approach; 3.2.6 Foundation design approach based on allowable bearing capacity and the partial factor of safety approach; 3.2.7 Bearing capacity of eccentrically loaded shallow foundations; 3.2.8 Mat foundations 327 $a3.3 Settlements of shallow foundations3.3.1 Vertical stress increase due to external load; 3.3.2 Elastic settlement; 3.3.3 Consolidation settlement; Homework Problems; References; Chapter 4 Introduction to Deep Foundation Design; 4.1 Introduction to deep foundations; 4.1.1 Needs for deep foundation; 4.1.2 Foundation types; 4.1.3 Driven pile foundation design and construction process; 4.2 Pile load transfer mechanisms and factor of safety; 4.3 Static bearing capacity of a single pile; 4.3.1 Nordlund method, for cohesionless soil; 4.3.2 ?-method, for undrained cohesive soil 327 $a4.3.3 ***beta***-method, for drained cohesionless and cohesiv 330 $a This accessible, clear, concise and contemporary text in geotechnical engineering design covers the major design topics, making it the one stop shop for students. Packed with self-test problems and projects, and with a detailed online solution manual, it presents the state of the art in engineering practice, including soil nail walls, liquefaction, earthquake foundation design and erosion controls. Geotechnical Engineering Design explains fundamental design principles and approaches in geotechnical engineering, offering an introduction to engineering geology, subsurface explorations, sh 606 $aGeotechnical engineering 608 $aElectronic books. 615 0$aGeotechnical engineering. 676 $a624.1/51 700 $aXiao$b Ming$f1972-$0945125 702 $aBarreto$b Daniel 801 0$bMiAaPQ 801 1$bMiAaPQ 801 2$bMiAaPQ 906 $aBOOK 912 $a9910460584603321 996 $aGeotechnical engineering design$92133679 997 $aUNINA LEADER 05615nam 22008052 450 001 996201147803316 005 20220526110546.0 010 $a1-139-81764-7 010 $a1-139-00179-5 035 $a(CKB)1000000000820055 035 $a(MH)011398311-5 035 $a(SSID)ssj0000371639 035 $a(PQKBManifestationID)11291686 035 $a(PQKBTitleCode)TC0000371639 035 $a(PQKBWorkID)10412724 035 $a(PQKB)10399336 035 $a(UkCbUP)CR9781139001793 035 $a(UK-CbPIL)2050532 035 $a(EXLCZ)991000000000820055 100 $a20110114d2008|||| uy| 0 101 0 $aeng 135 $aur||||||||||| 181 $ctxt$2rdacontent 182 $cc$2rdamedia 183 $acr$2rdacarrier 200 04$aThe Cambridge companion to fiction in the Romantic period /$fedited by Richard Maxwell, Katie Trumpener$b[electronic resource] 210 1$aCambridge :$cCambridge University Press,$d2008. 215 $a1 online resource (xviii, 286 pages) $cdigital, PDF file(s) 225 1 $aCambridge companions to literature 300 $aTitle from publisher's bibliographic system (viewed on 09 Nov 2015). 311 $a0-521-68108-1 311 $a0-521-86252-3 320 $aIncludes bibliographical references (p. 265-278) and index. 327 $aThe historiography of fiction in the Romantic period / Richard Maxwell -- Publishing, authorship, and reading / William St Clair -- Gothic fiction / Deidre Shauna Lynch -- The historical novel / Richard Maxwell -- Thinking locally: novelistic worlds in provincial fiction / Martha Bohrer -- Poetry and the novel / Marshall Brown -- Orientalism and empire / James Watt -- Intellectual history and political theory / Paul Keen -- Women writers and the woman's novel: the trope of maternal transmission / Jill Campbell -- Tales for child readers / Katie Trumpener -- Sentimental fiction / Ann Wierda Rowland -- Fiction and the working classes / Gary Kelly -- The Irish novel 1800-1829 / Ina Ferris -- Scotland and the novel / Ian Duncan. 327 $aThe historiography of fiction in the Romantic period / Richard Maxwell -- Publishing, authorship, and Reading / William St Clair -- Gothic fiction / Deidre Shauna Lynch -- The historical novel / Richard Maxwell -- Thinking locally: novelistic worlds in provincial fiction / Martha Bohrer -- Poetry and the novel / Marshall Brown -- Orientalism and empire / James Watt -- Intellectual history and political theory / Paul Keen -- Women writers and the woman's novel: The trope of maternal -- Transmission / Jill Campbell -- Tales for child readers / Katie Trumpener -- Sentimental fiction / Ann Wierda Rowland -- Fiction and the working classes / Gary Kelly -- The Irish novel 1800-1829 / Ina Ferris -- Scotland and the novel / Ian Duncan. 330 $aWhile poetry has been the genre most closely associated with the Romantic period, the novel of the late eighteenth and early nineteenth centuries has attracted many more readers and students in recent years. Its canon has been widened to include less well known authors alongside Jane Austen, Walter Scott, Maria Edgeworth and Thomas Love Peacock. Over the last generation, especially, a remarkable range of popular works from the period have been re-discovered and reread intensively. This Companion offers an overview of British fiction written between roughly the mid-1760s and the early 1830s and is an ideal guide to the major authors, historical and cultural contexts, and later critical reception. The contributors to this volume represent the most up-to-date directions in scholarship, charting the ways in which the period's social, political and intellectual redefinitions created new fictional subjects, forms and audiences. 410 0$aCambridge companions to literature. 606 $aEnglish fiction$y18th century$xHistory and criticism 606 $aEnglish fiction$y19th century$xHistory and criticism 606 $aBooks and reading$zGreat Britain$xHistory$y18th century 606 $aBooks and reading$zGreat Britain$xHistory$y19th century 606 $aEnglish literature$xScottish authors$xHistory and criticism 606 $aEnglish literature$xIrish authors$xHistory and criticism 606 $aGothic revival (Literature)$zGreat Britain 606 $aRomanticism$zGreat Britain 606 $aLiteratura anglesa$2thub 606 $aRomanticisme$2thub 607 $aGreat Britain$xIntellectual life$y18th century 607 $aGreat Britain$xIntellectual life$y19th century 608 $aLlibres electrònics$2thub 615 0$aEnglish fiction$xHistory and criticism. 615 0$aEnglish fiction$xHistory and criticism. 615 0$aBooks and reading$xHistory 615 0$aBooks and reading$xHistory 615 0$aEnglish literature$xScottish authors$xHistory and criticism. 615 0$aEnglish literature$xIrish authors$xHistory and criticism. 615 0$aGothic revival (Literature) 615 0$aRomanticism 615 7$aLiteratura anglesa 615 7$aRomanticisme 676 $a823/.709 702 $aMaxwell$b Richard$f1948-2010, 702 $aTrumpener$b Katie$f1961- 801 0$bUkCbUP 801 1$bUkCbUP 906 $aBOOK 912 $a996201147803316 996 $aThe Cambridge companion to fiction in the Romantic period$92493585 997 $aUNISA 999 $aThis Record contains information from the Harvard Library Bibliographic Dataset, which is provided by the Harvard Library under its Bibliographic Dataset Use Terms and includes data made available by, among others the Library of Congress